| 000 | 01806nam a2200337Mc 4500 | ||
|---|---|---|---|
| 001 | ocn816555431 | ||
| 005 | 20180313061229.0 | ||
| 008 | 160411s2012 sp ad fr 001 0 spa d | ||
| 020 | _a9788415419600 (9a.Ed) | ||
| 020 | _a8415419600 | ||
| 035 | _a(OCoLC)816555431 | ||
| 040 |
_aCo-BoUCM _bspa _cSaul Niño _dSaul Niño |
||
| 041 | 1 | _aspa | |
| 060 | _aWF 102 | ||
| 100 | 1 |
_aWest, John B. _954911 |
|
| 245 | 1 | 0 |
_aFisiología respiratoria _cJohn B. West ; traducción Ma Jesús del Sol Jaquotot |
| 250 | _a9a ed | ||
| 260 |
_aBarcelona (España) _bWolters Kluwer _bLippincott Williams & Wilkins _c2012 |
||
| 300 |
_aix, 200 páginas _bilustraciones, Tablas, gráficos |
||
| 500 | _aIncluye índice | ||
| 505 | 0 | _aÍNDICE: 1. Estructura y función. Cómo la arquitectura pulmonar contribuye a su función -- 2. Ventilación. Cómo llega el aire a los alvéolos -- 3. Difusión. Cómo el aire atraviesa la membrana alveolocapilar -- 4. Flujo sanguíneo y metabolismo. Cómo la circulación pulmonar elimina gases de los pulmones y altera algunos metabolitos -- 5. Relación entre la ventilación y perfusión. Cómo las relaciones entre el aire y la sangre determinan el intercambio de gases -- 6. Transporte de gases por la sangre -- 7. Mecánica y respiración -- 8. Control de ventilación -- 9. Aparato respiratorio y estrés -- 10. Pruebas funcionales respiratorias | |
| 650 | 7 |
_aAparato respiratorio _99223 |
|
| 650 | 7 |
_aPulmones _922940 _xEfectos fisiológicos |
|
| 650 | 7 |
_aRespiración _xFisiología _923661 |
|
| 650 | 4 |
_aRespiración _xConceptos _976519 |
|
| 650 | 7 |
_aFisiología de la respiración _915933 |
|
| 690 | 0 |
_aFisiología _915925 |
|
| 765 | _tRespiratory physiology : the essentials | ||
| 942 |
_2NLM _a15 _cLIBRO _e9 _hWF 102 _mW516fi _n0 |
||
| 999 |
_c302918 _d302918 |
||